[Event "Gashimov Memorial 3rd"]
[Site "Shamkir"]
[Date "2016.05.26"]
[Round "1"]
[White "Safarli, Eltaj"]
[Black "Eljanov, Pavel"]
[Result "1/2-1/2"]
[WhiteElo "2664"]
[BlackElo "2765"]
[Annotator "Safarli,E"]
[PlyCount "85"]
[EventDate "2016.05.26"]
[EventType "tourn"]
[EventRounds "9"]
[EventCountry "AZE"]
[EventCategory "20"]
[SourceTitle "EXT 2019"]
[Source "ChessBase"]
[SourceDate "2018.10.10"]
[SourceVersion "1"]
[SourceVersionDate "2018.10.10"]
[SourceQuality "1"]

1. Nf3 d5 2. c4 e6 3. g3 dxc4 ({our main expectation was} 3... Nf6 4. Bg2 dxc4)
4. Bg2 a6 5. Qc2 (5. O-O b5 $6 (5... Nc6 6. Qc2 b5 7. b3 Nb4 8. Qb2 $146 cxb3
9. Ne5 Rb8 10. Bc6+ Ke7 11. Qc3 Nxa2 12. Rxa2 bxa2 13. Ba3+ b4 14. Ba4 Nf6 15.
Nc6+ Ke8 16. Nxd8+ Kxd8 17. Qa1 bxa3 18. Qxa2 $16) 6. d3 $1 cxd3 7. Ne5 $14)
5... Bd6 (5... b5 $5) 6. Qxc4 Nf6 7. O-O b5 8. Qb3 Bb7 9. a4 {[%emt 0:01:40]}
Nbd7 $5 $146 {1:18. Out of the book Spending 10 minutes, White played} (9...
Bd5 10. Qd1) ({was our preparation} 9... c5 10. d3 {following the game of
Nakamura} Bd5 11. Qc2 Nbd7 12. Nc3 Bc6 13. Ne1 Bxg2 14. Nxg2 Rb8 15. axb5 axb5
16. Ra6 Qc7 {1/2, Nakamura,H (2787)-Chandra,A (2477) Saint Louis 2016} 17. Bg5)
10. axb5 ({Interesting and strong idea was} 10. Nc3 $5 {the question is, if
White was considering it during the game and if so, what they disliked about
it?} b4 (10... Nc5 11. Qc2 b4 12. Nd1 O-O 13. Ne3 b3 14. Qc3 $36) (10... O-O
11. axb5 axb5 12. Rxa8 Qxa8 13. Nxb5) 11. Nd1 O-O 12. Ne3 a5 13. Qc2 $36) 10...
Bd5 (10... axb5 11. Rxa8 Qxa8 12. Nc3) (10... Nc5 11. Qc4 Bd5 12. Qc2 axb5 13.
Rxa8 Qxa8 14. Nc3 (14. d3 O-O 15. Nc3) 14... Bb3 15. Qb1 b4 16. Nb5 Qa4 17.
Nfd4 O-O 18. d3 Bd5) 11. Qc2 (11. Qd3 $5 {was interesting} Nc5 (11... Be4 {
is a draw} 12. Qb3 Nc5 (12... Bd5 $11) 13. Qd1 axb5 14. Rxa8 Qxa8 15. d3 Bc6
16. Be3)) 11... axb5 12. Rxa8 Qxa8 {Personally, I'd not spend 10 minutes on}
13. Na3 $6 {a move I dislike} ({Why not normal} 13. Nc3 $5 Bc6 14. b3 {seems
perfectly fine for White} O-O (14... b4 15. Na4 Bxa4 16. bxa4) 15. Bb2 Qb7 16.
Rc1 $11) 13... Qb7 (13... Qa6 14. Nd4 $5 Bxg2 (14... b4 15. Bxd5 Nxd5 (15...
exd5 16. Nab5 O-O 17. Qc6 $14) 16. Nc4 O-O 17. d3) 15. Kxg2 Bxa3 16. bxa3 c5
17. Nf3 O-O 18. Bb2 Rc8 19. Bxf6 Nxf6 20. Rb1 $11) 14. d3 c5 (14... O-O $6 15.
e4 Bc6 16. Nd4 $14) 15. Bg5 {[%emt 0:01:01]} (15. e4 Bc6 16. b4 cxb4 (16... O-O
{CTR7}) 17. Nd4 bxa3 18. Nxc6 e5 (18... Qc7 19. d4 e5 20. Rd1 exd4 21. Nxd4 b4
22. e5 Bxe5 23. Nc6 O-O 24. Bd2 Bc3 25. Bxc3 bxc3 26. Qxc3 Nb8 27. Qxa3 Nxc6
28. Qc5 Rc8 29. Qxc6 $11) 19. d4 b4 20. Nxe5 Nxe5 21. dxe5 Bxe5 22. Qb3 O-O 23.
Bxa3 Rb8 24. Rd1 Qe7 25. Bc1 h6 26. h3 Qe6 27. Rd3 Rc8 28. Bd2 Qxb3 29. Rxb3
Bc3 30. Be3 Nd7 31. f4 Nc5 32. Bxc5 Rxc5 33. Kf2 $11) (15. b4 O-O (15... cxb4
16. Nxb5) 16. e4 Bc6 17. bxc5 Bxc5 (17... Nxc5 18. Nd4 $14) 18. Bb2 Ra8 19. Nb1
b4 20. Nbd2 Ba4 21. Qb1 $11 {[%cal Gd3d4]}) 15... O-O {[%emt 0:01:01]} 16. Rc1
(16. e4 Bc6 17. Rc1 Rc8 {CTR7}) 16... Rc8 (16... e5 17. Nh4 $11) 17. Nb1 (17.
e4 Bc6 18. h3 Bf8 19. Qb1 {[%cal Gg5e3,Gf3d2] and White is in a waiting mode.
The only thing what they must keep on mind is ...-c4 kind ideas}) (17. Bxf6
Nxf6 18. e4 Bc6 19. Nd4 cxd4 20. e5 Bxe5 21. Bxc6 Qb6 22. Nxb5 Nd7) 17... h6
18. Bxf6 Nxf6 19. Nc3 (19. Nbd2) 19... Bc6 20. Qb3 $6 (20. Ne1 $5 Bxg2 (20...
Nd5 21. Ne4 Bf8 22. Nxc5 Bxc5 23. Bxd5 Bxd5 (23... exd5 $2 24. Qxc5 Bd7 25. Qe3
$18) 24. d4 Be4 25. Nd3 Bh1 26. Ne1 Be4 $11) 21. Nxg2 Qc6 22. Ra1 c4 23. dxc4
Qxc4 (23... bxc4 24. Qa4) 24. Ne3 Qb4 25. Ra3) 20... Be7 21. Ra1 {[%emt 0:00:
37]} (21. Nh4 Nd5 22. Nxd5 exd5 23. Nf5 Bf8 24. Ne3 d4 25. Bxc6 Qxc6 26. Nf1
Re8 27. e3 dxe3 28. Nxe3 Rd8 29. Ra1 Qd7 30. Ra5 b4 31. h4 Qxd3) (21. Ne1 Nd5
22. Ne4 (22. Qc2 Ra8 23. Ne4 Nb4 24. Nxc5 Qa7) 22... Qb6) 21... Ne8 (21... Nd5
22. Ne5) (21... Ra8 22. Rxa8+ Qxa8 23. Qa2 Qb7 24. Qa5 g6 25. Ne1 Nd5 26. Nxd5)
22. Ne1 Bxg2 (22... Nd6 23. Bxc6 Qxc6) 23. Nxg2 Nd6 24. Ne3 Bg5 25. Nf1 (25.
Ncd1 $5 Qc6 26. Qa2 Bd8 27. Qa6 Bb6 28. Nc3 $11) 25... b4 26. Nb1 $2 (26. Nd1
c4 27. dxc4 Nxc4 28. h4 Bf6 29. Rc1 $11) 26... c4 $19 27. dxc4 Nxc4 28. e3 (28.
Nc3 Nxb2 29. Qxb2 Bf6 (29... Rxc3 30. Rb1 Rc4) 30. Rb1 Bxc3 31. Qb3 Qe4) (28.
h4 Bf6 29. Nbd2 Bxb2 30. Rb1 Nxd2 31. Nxd2 Bc3) 28... Nxe3 29. fxe3 Rc1 30. Kf2
Qh1 (30... Qe4) 31. Qd3 f5 $4 (31... e5) 32. h4 (32. Qa6 Bxe3+ 33. Nxe3 Qxh2+
34. Kf3 Qh1+ 35. Ke2) 32... Be7 (32... Bxe3+ 33. Nxe3 Qh2+ 34. Kf3 Rg1 35. Nxf5
Qg2+ 36. Kg4 exf5+ 37. Kxf5) (32... Bxh4 33. gxh4 Qxh4+ 34. Kg2) (32... f4 33.
exf4 Bf6 34. Ne3 Qg1+ (34... Bxb2 35. Qd8+ Kh7) 35. Kf3 Qh1+) 33. Ra5 (33. Ra7)
(33. Qa6) 33... f4 (33... Bxh4 34. Nbd2) 34. exf4 Qc6 (34... Bc5+ 35. Rxc5 Rxc5
36. Nbd2) 35. Re5 (35. Nbd2 $4 Qb6+ 36. Ne3 Qxa5 37. Nb3 $11) (35. Ne3 $18 {
would finish the game} Rh1 36. Nd2) 35... Bc5+ 36. Rxc5 Qxc5+ 37. Ne3 b3 38.
Nd2 (38. Na3 Qxa3 $1 39. bxa3 b2 $11) 38... Rc2 39. Kf3 (39. Ke2 Rxb2 40. Nec4
Qh5+ 41. Ke1 Rc2 42. Nxb3 Qf5 43. Qxf5 exf5 44. Nbd2) (39. Qd8+ Kh7 (39... Kf7
40. Qd7+ $18) 40. Qd3+ Kg8) 39... Rxb2 40. Qd8+ Kh7 41. Qd3+ Kh8 (41... Kg8 42.
Nxb3 Qc6+ (42... Qb4 43. Qd8+) 43. Kg4 h5+ 44. Kxh5 Qf3+ 45. g4 Qxf4 46. Qd8+
Kh7 47. Qd3+ Kg8) 42. Qd8+ (42. Nec4 Qc6+ 43. Ke3 Rc2 44. Qxb3 Rc1 45. Kf2 Qh1)
(42. Nxb3 Qb4 (42... Qc6+ 43. Kg4)) 42... Kh7 43. Qd3+ 1/2-1/2

[Event "FRA-chT Top 12"]
[Site "Brest"]
[Date "2019.05.20"]
[Round "3.3"]
[White "Gukesh, Dommaraju"]
[Black "Cornette, Matthieu"]
[Result "1-0"]
[WhiteElo "2533"]
[BlackElo "2553"]
[Annotator "Sagar Shah"]
[PlyCount "65"]
[EventDate "2019.05.18"]
[EventType "team-tourn"]
[EventRounds "11"]
[EventCountry "FRA"]
[SourceTitle "CBM 190 Extra"]
[Source "ChessBase"]
[SourceDate "2019.07.15"]
[SourceVersion "1"]
[SourceVersionDate "2019.07.15"]
[SourceQuality "1"]
[WhiteTeam "Cannes"]
[BlackTeam "Asnieres"]
[WhiteTeamCountry "FRA"]
[BlackTeamCountry "FRA"]

1. Nf3 d5 2. g3 Nf6 3. Bg2 c5 4. O-O e6 5. c4 d4 6. e3 Nc6 7. exd4 cxd4 8. d3
Bd6 9. Bg5 h6 10. Bxf6 Qxf6 11. Nbd2 Qe7 12. a3 a5 13. Ne4 Bc7 14. c5 O-O 15.
Nfd2 f5 16. Nd6 $5 {This pawn sacrifice is quite typical and White makes use
of his monster bishop on g2 and the knight coming to c4.} Bxd6 17. cxd6 Qxd6
18. Nc4 Qc7 19. Re1 Bd7 20. Rc1 Ra6 21. Re2 (21. Ne5 $5 $11) 21... Re8 22. Qe1
Qb8 23. f4 b5 (23... a4 $142 {Gukesh}) 24. Nd2 a4 25. b4 $1 Qd6 (25... axb3 26.
Nxb3 {The knight will come to the juicy c5 square.}) 26. Nf3 {Although White
is a pawn down, he has excellent control on the black squares and can also
claim to be slightly better.} Rc8 27. Rec2 Ra7 28. Ne5 Rac7 $2 (28... Ne7 {
was important.} 29. Rc5 $14) 29. Nxc6 Bxc6 30. Qe5 $1 {This move is easy to
miss.} Qd7 31. h4 {Black is in a huge zugzwang.} Kf7 {Now the queen on d7 will
be lost with a check and hence Gukesh executes the simplifying manoeuvre.} (
31... Kh8 32. Kh2 Kg8 33. Rxc6 Rxc6 34. Qxb5 $18) (31... Kf8 32. Qc5+ Ke8 33.
Qb6 $18) (31... Qe8 32. Kh2 Qd7 33. Rxc6 Rxc6 34. Qxb5 $18) 32. Bxc6 Rxc6 33.
Qxb5 {A nice game by Gukesh.} 1-0

[Event "Gibraltar Masters 16th"]
[Site "Caleta"]
[Date "2018.01.31"]
[Round "9"]
[White "Aronian, Levon"]
[Black "Sethuraman, SP."]
[Result "1-0"]
[WhiteElo "2797"]
[BlackElo "2646"]
[Annotator "Sagar Shah"]
[PlyCount "65"]
[EventDate "2018.01.23"]
[EventType "swiss"]
[EventRounds "10"]
[EventCountry "GGB"]
[SourceTitle "CBM 183"]
[Source "ChessBase"]
[SourceDate "2018.03.14"]
[SourceVersion "1"]
[SourceVersionDate "2018.03.14"]
[SourceQuality "1"]

{It was the penultimate round of the Gibraltar Masters, Levon was trailing the
leaders by half a point. This was an extremely crucial game for him. He played
a line in which he had great experience from both sides.} 1. c4 e6 2. g3 d5 3.
Bg2 Nf6 4. Nf3 dxc4 5. Qa4+ Bd7 6. Qxc4 c5 (6... Bc6 {has gone out of fashion.}
7. O-O Be7 8. Qc2 O-O 9. Nc3 b6 10. d4 Nbd7 11. e4 Bb7 12. Rd1 a6 13. a3 Qb8
14. Bf4 Nh5 15. Be3 Nhf6 16. Bf4 Nh5 17. Be3 Nhf6 18. Rac1 Rc8 19. Qb1 b5 20.
b4 Nb6 21. Bf1 Rd8 22. h3 Qa7 23. Nd2 Rac8 24. Nb3 Qa8 25. f3 Nfd7 26. Na5 e5
27. Ne2 Bf8 28. Bg2 exd4 29. Nxd4 Ne5 30. Bg5 Re8 31. Nxb7 Qxb7 32. f4 Nec4 33.
e5 c6 34. Qe4 f6 35. Bh4 g5 36. fxg5 Rxe5 37. Qf4 fxg5 38. Bxg5 Nd5 39. Qg4 h5
40. Qxh5 Nde3 41. Nf3 c5 42. Qg6+ Bg7 43. Rxc4 bxc4 44. Bxe3 Rxe3 45. Ne5 {
1-0 (45) Giri,A (2687)-L'Ami,E (2611) Boxtel 2011}) 7. Ne5 Qc8 8. Qd3 {Taking
the bishop on d7 is more common, but Aronian had already played it before
against Ding Liren.} Nc6 9. Nxd7 Nxd7 {Black has given up the bishop pair but
in return White had to invest time to achieve that and furthermore White needs
to invest more time in transferring his queen to safety. Levon has good
experience with this line having played it in the finals of the World Cup 2017
against Ding Liren.} (9... Qxd7 10. Qxd7+ {This was the idea} Kxd7 (10... Nxd7
11. Bxc6 bxc6 12. d3 $16 {[%csl Gc5,Gc6] And White will have advantage due to
Black's wrecked pawn structure.}) 11. d3 $14 {White has the bishop pair and at
the same time the bishop on g2 is a complete monster.}) 10. Nc3 {That's a new
move.} (10. Qb3 Be7 11. Nc3 O-O 12. O-O Rd8 13. d3 Nb6 14. Be3 Nd4 15. Bxd4
Rxd4 16. Rfc1 Rd7 17. a4 Qd8 18. a5 Nd5 19. Nxd5 exd5 20. d4 cxd4 21. Rc2 g6
22. Bh3 Rc7 23. Rac1 Rxc2 24. Rxc2 b6 25. Bg2 Rc8 26. Rxc8 Qxc8 27. Bxd5 Qf5
28. Qc4 bxa5 29. b3 d3 30. exd3 Bd8 31. Qe4 {1/2-1/2 (31) Aronian,L (2799)
-Ding,L (2777) Tbilisi 2017}) 10... Be7 11. Qb5 (11. Qc2 O-O 12. O-O Nd4 13.
Qd1 Nf6 $11) 11... a6 12. Qa4 Nd4 13. O-O O-O {This is the kind of position
where understanding takes precedence over tactical and concrete ideas. Black
has well placed pieces and must make immediate use of them. The biggest worry
for Black should be that White consolidates his position and then makes the
bishop pair count.} 14. d3 {[%csl Gc1]} (14. e3 Nb6 15. Qa5 (15. Qd1 Nc6 16.
Qe2 Rd8 17. Rd1 $11) 15... Nc4 16. Qa4 Nb6 $11) 14... Nb6 15. Qd1 Rd8 16. Bd2 (
16. b3 {The double fiancheto was another option. The bishop will stand better
on a1-h8 diagonal and the important c4-square will also be under good control.}
Nb5 17. Bb2 Nxc3 18. Bxc3 Nd5 19. Bb2 Qd7 20. Rc1 Rac8 21. Qd2 Bf6 22. Bxf6
Nxf6 23. Qb2 $11 {/+= I have a feeling that theoretically White could have a
very minute edge but practically it should be around even.}) 16... Qd7 17. Rc1
Rac8 18. b3 {[%csl Gc4]} h6 19. Kh1 {Both players are biding their time. While
for White this is good news, Black shouldn't really be doing this. He has to
get his act together and find some active plan.} Nd5 (19... f5 $5 {looks
aggressive and interesting.} 20. e4 $1 $14) 20. Nxd5 exd5 21. e3 Nc6 22. Qh5 {
Levon just gets his pieces to good squares. It is still not clear what White
should be doing in this position. But when you just put all your pieces on
decent squares, there is a high chance that your opponent will go wrong and
give you chances.} Qd6 23. f4 (23. e4 dxe4 24. Bxe4 {is also possible, but
Levon chooses the right moment for this e4 break.}) 23... a5 (23... c4 $5 24.
dxc4 (24. bxc4 dxc4 25. d4 b5 $13 {This looks like an extremely complex
position with chances for both sides.}) 24... dxc4 25. Rcd1 $14 {As the
position opens up the bishops will show their power.}) 24. a4 Rb8 $6 (24... b6
{makes more sense as the pawn on a5 would not be hanging like in the game.} 25.
e4 dxe4 26. Bxe4 Nd4 $13 {Now there is no hanging pawn on b7.}) 25. e4 $1 {
I like this move very much. Levon has absolutely no prejudices. He gives up
the d4-square to his opponent's knight, but at the same time he gets the
e4-square for his bishop and the ability to launch a powerful kingside attack
with g4-g5. Yes, the knight on d4 will look pretty, but what is it doing
there? Nothing much, if you ask me.} dxe4 26. Bxe4 b6 (26... Nd4 27. Bxa5 $16 {
Hence b6 would have been more useful.}) 27. g4 $1 {The attack begins.} Nd4 28.
Bc3 f5 $5 {Sethuraman sees this as the appropriate moment to sacrifice a pawn
and at the same time disrupt the integrity of his opponent's pawn structure.
Will Black be able to hold his position after this pawn sacrifice? Let's have
a look.} (28... Nxb3 29. Be5 $16) 29. gxf5 Bf6 30. Rg1 Re8 $2 {The final error
of the game and after this it is all over. But let's see if Black could have
defended better.} (30... Kf8 31. Rg6 Qe7 32. Rcg1 Rd6 {Black looks very solid
on the dark squares. How does White break through?} 33. Be1 (33. Qh3 Rbd8 34.
Qg2 Qf7 35. Ba1 {For me it is not so clear how White will break through here.})
33... Rbd8 34. Bh4 Bxh4 35. Rxg7 Qxg7 36. Rxg7 Kxg7 37. Qxh4 Rf6 $11 {Black
doubles his rooks on the f-file and it seems impossible to make progress.}) (
30... Kh8 {is also possible.} 31. Rg6 Rd7 32. Rcg1 Qf8 {The question is, how
is White breaking through.} 33. Be1 Rd6 (33... Nxb3 $2 34. Bh4 $18) 34. Bh4
Bxh4 35. Rxd6 (35. Qxh4 Rxg6 36. Rxg6 Nxf5 $11) 35... Qxd6 36. Qxh4 Ne2 $1 37.
Rg6 Qxf4 38. Qxf4 Nxf4 39. Rd6 $14 {Black has good drawing chances here, the
edge still remains with White.}) 31. Qxh6 $1 {There was definitely something
that Sethu missed, because now it is all over.} Rbd8 32. Rce1 Re7 33. Re3 {
The rook is coming to h3 and Sethu resigned. Levon's play in this game was
quite instructive. Overall the line is very solid for Black. If White wants
anything from the opening, then he must follow Aronian's footsteps of just
creating a fresh position and playing on. It doesn't matter if the position is
equal or not as long as there are imbalances in a position.} 1-0

[Event "Interzonal-16"]
[Site "Biel"]
[Date "1993.??.??"]
[Round "4"]
[White "Salov, Valery"]
[Black "Arencibia Rodriguez, Walter"]
[Result "1-0"]
[WhiteElo "2685"]
[BlackElo "2485"]
[Annotator "Salov,V"]
[PlyCount "101"]
[EventDate "1993.07.16"]
[EventType "swiss"]
[EventRounds "13"]
[EventCountry "SUI"]
[SourceTitle "CBM 037"]
[Source "ChessBase"]
[SourceDate "1993.12.01"]
[SourceVersion "1"]
[SourceVersionDate "1993.12.01"]
[SourceQuality "1"]

1. c4 e6 2. g3 d5 3. Bg2 g6 $5 4. d4 Bg7 5. Nc3 Ne7 6. e3 O-O 7. Nge2 c6 $1 8.
b3 b6 9. Ba3 Ba6 $1 10. cxd5 exd5 $5 11. O-O Re8 12. Re1 Nd7 13. Nf4 (13. e4
dxe4 14. Nxe4 Nf5 $132 {><d4}) 13... Nf6 14. Rc1 Nf5 15. Nd3 Bb7 16. Rc2 h5 17.
Ne5 Ng4 18. Nxg4 hxg4 19. Qxg4 (19. Rc1 Qg5) (19. Rd2 c5 $1) 19... Nxd4 20.
Rcc1 Ne6 21. Red1 Qf6 22. Bb2 Qe7 23. h4 Rad8 24. Na4 Bxb2 $6 (24... c5 $1 $10)
25. Nxb2 Nc5 26. Nd3 Ne4 27. b4 $1 $14 Rd6 28. a3 Bc8 (28... Kg7 $1 $14) 29.
Qe2 Ba6 30. Qg4 Bc8 31. Qe2 Ba6 32. Qb2 $1 Rf6 (32... Nxg3 33. fxg3 Qxe3+ 34.
Kh2 $1 (34. Qf2 Bxd3 35. Qxe3 Rxe3 36. Rc3 Be2 $1) 34... Bxd3 35. Rc3 Qe2 36.
Rd2 $1 $18) 33. Nf4 $16 Nxg3 $2 {(.)} 34. fxg3 Qxe3+ 35. Qf2 (35. Kh1 $18)
35... Qxf2+ 36. Kxf2 Re2+ 37. Kg1 Re3 38. Kh2 Bb5 (38... Rxa3 39. Ra1 $1 $18)
39. Ra1 Rd6 40. a4 Bc4 41. b5 $1 $18 cxb5 42. Nxd5 Ree6 43. axb5 Bxb5 44. Rxa7
Bc4 45. Bf3 b5 (45... Kg7 46. Nc7 $1 Rf6 47. Ne8+ $18) 46. g4 Ra6 47. Rxa6 Rxa6
48. g5 Ra3 49. Nf6+ Kf8 50. Kg3 b4 (50... Be2 51. Rd8+ Ke7 52. Re8+ Kd6 53.
Rxe2 $18) 51. Rd4 $1 (51. Rd4 $1 Rc3 52. Re4 Bb5 53. Rxb4 $18) 1-0

[Event "Olympiad-41"]
[Site "Tromsoe"]
[Date "2014.08.06"]
[Round "5.3"]
[White "Sasikiran, Krishnan"]
[Black "Drasko, Milan"]
[Result "1-0"]
[WhiteElo "2669"]
[BlackElo "2437"]
[Annotator "Sasikiran,K"]
[PlyCount "43"]
[EventDate "2014.08.02"]
[EventType "team-swiss"]
[EventRounds "11"]
[EventCountry "NOR"]
[SourceTitle "CBM 162"]
[Source "ChessBase"]
[SourceDate "2014.09.17"]
[SourceVersion "1"]
[SourceVersionDate "2014.09.17"]
[SourceQuality "1"]
[WhiteTeam "India"]
[BlackTeam "Montenegro"]
[WhiteTeamCountry "IND"]
[BlackTeamCountry "MNE"]

{The previous day we had lost a disappointing match to Cuba. I misplayed a
very promising position against Bruzon and eventually drew the game. The coach
of the Indian team Grandmaster Ramesh consoled us by saying that none of the
Indian team members were in bad form and were only missing some opportunities.
We were paired against Montenegro and we wanted to win the match by a good
margin and get our confidence back before the first rest day.} 1. Nf3 Nf6 2. c4
e6 3. g3 a6 {During my preparation before the game, I noticed that my opponent
started playing this system with a few games in 2013. Kramnik - Meier Dortmund
2011 is a key game in this line on which my preparation was based.} 4. Nc3 d5
5. cxd5 exd5 6. Bg2 {The most accurate move order in my opinion. White waits
for his opponent to show the position of the dark-coloured bishop after which
he can determine whether to play d3 or d4.} Bd6 (6... Be7 7. O-O O-O 8. d4 {
was the start of the above mentioned game wherein White can develop his
dark-coloured bishop to f4 without spoiling his pawn structure.}) (6... d4 $2
7. Qa4+ Nc6 8. Nxd4 $1 Qxd4 $2 9. Bxc6+ {wins the queen.}) 7. O-O O-O 8. d3 $5
{An interesting twist. With the black bishop on d6 White aims for a quick
e4-e5. With the bishop blocking the d-file White need not fear de4 and an
early exchange of queens.} Re8 (8... h6 $5 {would have been more circumspect.})
9. Bg5 h6 $6 {Playing with fire. Black is already way behind in development
and this pushes him to the edge.} (9... Be7 10. e4 d4 {was preferable, trying
to keep the centre closed.}) (9... c6 $5 10. e4 dxe4 11. dxe4 Bg4 (11... h6 12.
Bxf6 Qxf6 13. e5 Bxe5 14. Ne4 Qe7 15. Nxe5 Qxe5 16. Re1 $1 Rf8 17. Nd6 $36) 12.
h3 Bxf3 13. Qxf3 Nbd7 14. Rad1 $14) 10. Bxf6 Qxf6 11. Nxd5 Qxb2 12. Nd2 $1 {
Here my opening preparation ended. I considered the position to be very
dangerous for Black as White is threatening either Ne4 or Nc4 at an
appropriate moment. I had hardly spent 3 minutes on my clock to reach this
position whereas my opponent had spent 20 minutes already.} Ra7 {Played after
a long think and practically the only way to continue the struggle.} 13. e3 $5
{removing the e-pawn from the x-ray along the second rank and preparing Nc4.
It also introduces the additional possibility of d3-d4 isolating the Black
queen and preventing it from finding its way back.} b5 (13... Qe5 14. d4 Qe6
15. Rc1 c6 16. Nb6 Bf8 17. Ndc4 $16 {with d5 to follow.}) 14. Ne4 Be7 $2 (14...
Bf5 15. Nxd6 cxd6 16. d4 {Here the black pieces lack co-ordination and White
has the better pawn structure which promises a long term positional advantage.}
) (14... Bf8 $142 {was an interesting idea trying to change the nature of the
game with a queen sacrifice.} {I would probably have played} 15. d4 (15. Rb1
Qxa2 (15... Qe5 $2 16. f4 Qf5 17. g4 Qe6 18. f5 Qe5 19. d4 {wins on the spot.})
16. Ra1 Qb2 17. Nec3 $1 c6 18. Ra2 Qxa2 19. Nxa2 cxd5 20. Bxd5 Nd7 {Although
Black has only a rook and bishop for the queen, he has managed to develop his
pieces and the queenside passed pawns makes the conversion of extra material
quite difficult.}) 15... Rd8 16. Qh5 c6 17. Nf4 Qa3 18. Rfc1 {maintaining some
pressure.}) 15. Nxe7+ Rxe7 16. a4 $1 {A multipurpose move. It threatens to
break Black's pawn structure after axb5 and denies the black queen the
a3-square. White only needs to play d4 and then the black queen has no way
back to its own camp.} c6 (16... b4 $2 17. Rb1 Qa3 18. Qc2 $1 {wins.}) 17. d4
$1 Be6 (17... Bf5 18. Nd6 Be6 19. Qh5 $1 Qb4 20. Ne4 Re8 21. Nc5 $1 $18) 18.
Qh5 $1 {Connecting the rooks and preparing Rfb1 and Nc5-d3. Black cannot avoid
material losses anymore.} Bc4 (18... Ba2 19. Nc5 Rac7 20. Rfc1 $18) 19. Rfb1
Qc2 (19... Qe2 $142 20. Bf3 Qd3 21. Rd1 Qb3 22. Nd2 Qc2 23. Nxc4 Qxc4 24. d5 $1
$18) 20. Qf5 $1 Kf8 21. Rc1 Qb2 22. Nd6 {We managed to win the match 3.5-0.5
and played the rest of the event with renewed enthusiasm} (22. Nd6 Be6 23. Qh7
f6 24. Qh8+ Bg8 25. Bd5 $1 $18) 1-0